01014cam a22002771a 4500001001300000003000400013005001700017008004100034010001700075035001900092040005100111042001200162043001200174050001700186082001400203100002900217245006100246260006800307300005500375490006900430440005100499504006200550650002600612830008100638999001700719gs 35000279 DLC20260227111340.0750513s1935 ctuabf b s001 0 eng c ags 35000279  a(OCoLC)1330387 aU.S. Geol. Survey. Libr.cCtdOCoLCdCSfAdDLC apremarc an-us-ct00aQL719.G8bG6 a599.097461 aGoodwin, George Gilbert.14aThe mammals of Connecticut /cby George Gilbert Goodwin. aHartford :bState Geological and Natural History Survey,c1935. a221, v p., 33 p. of plates :bill., maps ;c23 cm.1 aBulletin / State Geological and Natural History Survey ;vno. 53 0aState of Connecticut public document ;vno. 47 aIncludes bibliographical references (p. 214) and indexes. 0aMammalszConnecticut. 0aBulletin (State Geological and Natural History Survey of Connecticut) ;v53. c27223d27223